000 00859nam a2200229 i 4500
003 IT-RoINE
005 20201202093351.0
008 201202s1934 be |||||r|||| 00| | eng d
110 2 _91944
_aIglesia Católica
240 1 0 _aMissale Romanum.
_lInglés
245 1 0 _aDaily missal with vespers for Sundays & feasts /
_cby dom Gaspar Lefebvre O.S.B.
260 _aLophem (Belgium) :
_bLiturgical Apostolate, Abbey of St. André ;
260 _aSt. Paul (Minnesota) :
_bE.M. Lohmann Company,
_c1934.
300 _aXXXVI, 1980, 63, 33 p. :
_bmus ;
_c16 cm.
336 _2rdacontent
_atext
337 _2rdamedia
_aunmediated
338 _2rdacarrier
_avolume
655 4 _aLibros litúrgicos
_960140
655 4 _aMisales de los fieles
_967997
700 1 _aLefebvre, Gaspar,
_cO.S.B.,
_d1880-1966
_tMissel quotidien et Vesperal
_lInglés
_969771
942 _cMTS
999 _c35569
_d35569